| 000 | 00401nam a2200169Ia 4500 | ||
|---|---|---|---|
| 008 | 230524s9999 xx 000 0 und d | ||
| 020 | _a9780007490622 | ||
| 082 | _bSHE | ||
| 100 |
_aSidney Sheldon _937865 |
||
| 245 | 0 | _aAngel of the Dark (Tilly Bagshawe) | |
| 250 | _a1 | ||
| 260 | _bHarper | ||
| 300 | _a389p; | ||
| 500 | _aQuantity Number: 1 | ||
| 650 |
_aMiscellaneous _91877 |
||
| 942 | _cBK | ||
| 999 |
_c52332 _d52332 |
||